|
|
|
|
| LEADER |
02038cam a2200361 a 4500 |
| 001 |
c000262248 |
| 003 |
CARM |
| 005 |
20070612135248.0 |
| 008 |
871221s1986 enka b 100 0 eng d |
| 019 |
1 |
|
|a 4817207
|z 44138049
|5 LACONCORD2021
|
| 020 |
|
|
|a 0852985924 (pbk.)
|
| 035 |
|
|
|a (OCoLC)123206919
|5 LACONCORD2021
|
| 040 |
|
|
|a WLB
|b eng
|c WLB
|d NUN:M
|
| 050 |
1 |
4 |
|a TA5
|b .I5 1986
|
| 082 |
0 |
4 |
|a 668.3
|2 19
|
| 111 |
2 |
|
|a International Conference on Structural Adhesives in Engineering
|d (1986 :
|c University of Bristol)
|
| 245 |
1 |
0 |
|a International Conference on Structural Adhesives in Engineering /
|c sponsored by the Engineering Sciences Division and the Materials Group of the Institution of Mechanical Engineers ; co-sponsored by the Aerospace and Manufacturing Industries Divisions of the Institution of Mechanical Engineers ... [et al.], 2-4 July 1986, the University of Bristol.
|
| 246 |
3 |
|
|a Structural adhesives in engineering
|
| 260 |
|
|
|a London :
|b Published for the Institution of Mechanical Engineers by Mechanical Engineering Publications Ltd.,
|c 1986.
|
| 300 |
|
|
|a 256 p. :
|b ill. ;
|c 30 cm.
|
| 490 |
1 |
|
|a IMechE conference publications ;
|v 1986-6
|
| 500 |
|
|
|a Cover title: Structural adhesives in engineering.
|
| 504 |
|
|
|a Includes bibliographies.
|
| 650 |
|
0 |
|a Adhesives
|v Congresses.
|
| 650 |
|
0 |
|a Strength of materials
|v Congresses.
|
| 710 |
2 |
|
|a Institution of Mechanical Engineers (Great Britain).
|b Engineering Sciences Division
|
| 710 |
2 |
|
|a Institution of Mechanical Engineers (Great Britain).
|b Manufacturing Industries Division
|
| 710 |
2 |
|
|a Institution of Mechanical Engineers (Great Britain).
|b Materials Group
|
| 710 |
2 |
|
|a Institution of Mechanical Engineers (Great Britain).
|b Aerospace Industries Division
|
| 830 |
|
0 |
|a I Mech E conference publications ;
|v 1986-6.
|
| 852 |
8 |
|
|b CARM
|h A1:AP32D0
|i F02157
|p 0375446
|f BK
|
| 999 |
f |
f |
|i b6b4d250-9630-5ebc-a6b6-382235a06148
|s 480e3100-5e5a-5cb5-9cf1-ef8dea18f3c8
|
| 952 |
f |
f |
|p Can circulate
|a CAVAL
|b CAVAL
|c CAVAL
|d CARM 1 Store
|e F02157
|f A1:AP32D0
|h Other scheme
|i book
|m 0375446
|